The illustrated dictionary of information technology. (Record no. 114410)
[ view plain ]
| 000 -LEADER | |
|---|---|
| fixed length control field | 00451nam a2200145 a 4500 |
| 005 - DATE AND TIME OF LATEST TRANSACTION | |
| control field | 20140414132059.0 |
| 008 - FIXED-LENGTH DATA ELEMENTS--GENERAL INFORMATION | |
| fixed length control field | 100524s19uu xx 00 eng d |
| 050 ## - LIBRARY OF CONGRESS CALL NUMBER | |
| Classification number | REF 004.03 |
| Item number | C64 1993 |
| 100 ## - MAIN ENTRY--PERSONAL NAME | |
| Personal name | Cohn, Zachary |
| 245 ## - TITLE STATEMENT | |
| Title | The illustrated dictionary of information technology. |
| 260 ## - PUBLICATION, DISTRIBUTION, ETC. (IMPRINT) | |
| Place of publication, distribution, etc | Wiltshire, UK : |
| Name of publisher, distributor, etc | Merlion pub ltd, |
| Date of publication, distribution, etc | 1993. |
| 440 ## - SERIES STATEMENT/ADDED ENTRY--TITLE | |
| Title | The illustrated dictionaries of science. |
| 650 ## - SUBJECT ADDED ENTRY--TOPICAL TERM | |
| Topical term or geographic name as entry element | Information technology |
| Withdrawn status | Lost status | Damaged status | Home library | Current library | Shelving location | Date acquired | Source of acquisition | Total Checkouts | Full call number | Barcode | Date last seen | Price effective from | Koha item type |
|---|---|---|---|---|---|---|---|---|---|---|---|---|---|
| Munich Library | Munich Library | Reference Section | 05/24/2010 | REF 004.03 C64 1993 | M6226 | 04/14/2014 | 04/14/2014 | Books |